Historia de la iglesia en América Latina

Uloženo v:
Podrobná bibliografie
Hlavní autor: Dussel, Enrique D (Autor)
Médium: Kniha
Jazyk:španělština
Vydáno: Barcelona Nova Terra 1972
Vydání:2a. ed
Edice:El Sentido de la Historia, 5
Témata:
Tagy: Přidat tag
Žádné tagy, Buďte první, kdo vytvoří štítek k tomuto záznamu!

MARC

LEADER 00000nam a2200000 a 4500
001 UCL3011
003 CL-VaPUC
008 031114e19720000SP |||||||||||||||||spa|d
082 0 4 |a 278  |b DUS  |2 21 
100 0 |a Dussel, Enrique D  |e author  |9 480251 
245 1 0 |a Historia de la iglesia en América Latina 
250 |a 2a. ed 
300 |a 348 p 
942 |c BK 
945 |d 20031114 00:00:00  |a rbrito 
260 |a Barcelona  |b Nova Terra  |c 1972 
650 0 |a Historia de la iglesia   |9 257565 
650 0 |a Patrística  |9 322007 
651 0 |a América Latina   |9 255027 
583 |a last modification  |c 20031114 00:00:00  |k Rodrigo Vera 
490 0 |a El Sentido de la Historia, 5 
999 |c 306164  |d 306162 
952 |0 0  |1 0  |4 0  |6 278_000000000000000_DUS_1972  |7 0  |8 A  |9 370938  |a BIBTEO  |b BIBTEO  |d 2019-11-21  |i 2085542  |o 278 DUS 1972  |p 2085542  |r 2025-01-17  |w 2019-11-21  |y BK  |k ICR